| 000 | 00366nam a22001457a 4500 | ||
|---|---|---|---|
| 003 | MACL | ||
| 005 | 20240704123134.0 | ||
| 008 | 240704b |||||||| |||| 00| 0 eng d | ||
| 040 | _cMACL | ||
| 100 |
_aSingh,Pavneet _982183 |
||
| 245 | _aGlimpse of INDIA 2013 | ||
| 260 |
_aNew Delhi _bUNIQUE PUBLICATION _c2013 |
||
| 650 |
_aGENERAL SCIENCE _981923 |
||
| 942 |
_2ddc _cBK |
||
| 999 |
_c66952 _d66952 |
||